<?xml version="1.0" encoding="UTF-8"?>
<record
    xmlns:xsi="http://www.w3.org/2001/XMLSchema-instance"
    xsi:schemaLocation="http://www.loc.gov/MARC21/slim http://www.loc.gov/standards/marcxml/schema/MARC21slim.xsd"
    xmlns="http://www.loc.gov/MARC21/slim">

  <leader>01159nam a2200253 a 4500</leader>
  <controlfield tag="003">DO-SdBNP</controlfield>
  <controlfield tag="005">20220913142019.0</controlfield>
  <controlfield tag="007">ta</controlfield>
  <controlfield tag="008">220830e20152022|||aaobgrz||| 001 0 spa d</controlfield>
  <datafield tag="040" ind1=" " ind2=" ">
    <subfield code="a">DO-SdBNP</subfield>
    <subfield code="b">spa</subfield>
    <subfield code="c">BNPHU</subfield>
  </datafield>
  <datafield tag="082" ind1=" " ind2="4">
    <subfield code="2">22</subfield>
    <subfield code="b">R426c</subfield>
    <subfield code="a">xxx</subfield>
  </datafield>
  <datafield tag="110" ind1="1" ind2=" ">
    <subfield code="9">22040</subfield>
    <subfield code="a">Rep&#xFA;blica Dominicana.</subfield>
    <subfield code="b">Contraloria General de la Rep&#xFA;blica</subfield>
  </datafield>
  <datafield tag="245" ind1="1" ind2="0">
    <subfield code="a">Carta compromiso al ciudadano /</subfield>
    <subfield code="c">Rafael Antonio Germos&#xE9;n And&#xFA;jar contralor general</subfield>
  </datafield>
  <datafield tag="260" ind1=" " ind2=" ">
    <subfield code="a">Santo Domingo . /</subfield>
    <subfield code="b">Contralor&#xED;a General de la Rep&#xFA;blica Dominicana,</subfield>
    <subfield code="c">2015</subfield>
  </datafield>
  <datafield tag="300" ind1=" " ind2=" ">
    <subfield code="a">39 p. :</subfield>
    <subfield code="b">il., fotogr.,</subfield>
    <subfield code="c">21 cm.</subfield>
  </datafield>
  <datafield tag="505" ind1=" " ind2=" ">
    <subfield code="t">1. Informaci&#xF3;n de car&#xE1;cter general y legal.--</subfield>
    <subfield code="t">2. Compromisos de calidad ofrecidos.--</subfield>
    <subfield code="t">3. Quejas, sugerencias y medidas de subsanaci&#xF3;n.--</subfield>
    <subfield code="t">4. Informaci&#xF3;n complementaria.--</subfield>
  </datafield>
  <datafield tag="590" ind1=" " ind2=" ">
    <subfield code="a">Inventariado 2022 / DG</subfield>
  </datafield>
  <datafield tag="600" ind1=" " ind2=" ">
    <subfield code="a">Contraloria General de la Rep&#xFA;blica Dominicana</subfield>
    <subfield code="t">Carta de Compromiso al Ciudadano</subfield>
    <subfield code="9">82290</subfield>
  </datafield>
  <datafield tag="650" ind1=" " ind2="4">
    <subfield code="9">80902</subfield>
    <subfield code="a">Servicios p&#xFA;blicos</subfield>
    <subfield code="z">Rep&#xFA;blica Dominicana</subfield>
  </datafield>
  <datafield tag="700" ind1="1" ind2=" ">
    <subfield code="9">78449</subfield>
    <subfield code="a">Germos&#xE9;n And&#xFA;jar, Rafael Antonio</subfield>
    <subfield code="e">Contralor General</subfield>
  </datafield>
  <datafield tag="710" ind1=" " ind2=" ">
    <subfield code="a">Contralor&#xED;a General de la Rep&#xFA;blica Dominicana</subfield>
    <subfield code="9">82358</subfield>
  </datafield>
  <datafield tag="910" ind1=" " ind2=" ">
    <subfield code="a">DG</subfield>
  </datafield>
  <datafield tag="942" ind1=" " ind2=" ">
    <subfield code="2">ddc</subfield>
    <subfield code="c">LF2</subfield>
  </datafield>
  <datafield tag="952" ind1=" " ind2=" ">
    <subfield code="0">0</subfield>
    <subfield code="1">0</subfield>
    <subfield code="2">ddc</subfield>
    <subfield code="5">1</subfield>
    <subfield code="7">0</subfield>
    <subfield code="8">PD</subfield>
    <subfield code="a">BNPHU</subfield>
    <subfield code="b">BNPHU</subfield>
    <subfield code="c">CT</subfield>
    <subfield code="d">2022-09-13</subfield>
    <subfield code="l">0</subfield>
    <subfield code="o">BNPHU PD R426c xxx</subfield>
    <subfield code="p">2022-3923</subfield>
    <subfield code="r">2022-09-13</subfield>
    <subfield code="w">2022-09-13</subfield>
    <subfield code="y">LF2</subfield>
  </datafield>
  <datafield tag="999" ind1=" " ind2=" ">
    <subfield code="c">52384</subfield>
    <subfield code="d">52384</subfield>
  </datafield>
</record>
